000
00279nam a22000977a 4500
999
_c
11187
_d
11187
008
181008b ||||| |||| 00| 0 eng d
020
_a
9789386341150
100
_a
Goldenmind`s
_9
6944
245
_a
Encyclopedia of Question and Answers
260
_a
Mumbai
_b
Goldmind`s Publication
_c
2017